[Event "Valasska Bystrice op"]
[Site "Valasska Bystrice"]
[Date "2023.09.12"]
[Round "5"]
[White "Fiser, Jiri1"]
[Black "Kopecky, Matej"]
[Result "0-1"]
[WhiteElo "1818"]
[BlackElo "1680"]
[PlyCount "96"]
[EventDate "2023.09.09"]
[EventType "swiss"]
[EventRounds "9"]
[EventCountry "CZE"]
[SourceTitle "CBM 216 Extra"]
[Source "ChessBase"]
[SourceDate "2023.11.30"]
[SourceVersion "1"]
[SourceVersionDate "2023.11.30"]
[SourceQuality "1"]

1. e4 e6 2. d4 d5 3. Nd2 c5 4. exd5 Qxd5 5. Ngf3 Nf6 6. Bc4 Qd8 7. Nb3 cxd4 8. Nbxd4 Bd7 9. 0-0 Be7 10. Qe2 0-0 11. Bf4 Nc6 12. c3 Nd5 13. Bg3 Nxd4 14. Nxd4 Bf6 15. Rad1 Re8 16. Rfe1 Qb6 17. Bb3 Rad8 18. Rd3 e5 19. Nc2 Bc6 20. Qd2 e4 21. Rxd5 Bxd5 22. Bxd5 Qxb2 23. c4 Qxa2 24. Rd1 Qb3 25. Ne3 Bg5 26. h3 Bf6 27. Qe1 Qc3 28. Qxc3 Bxc3 29. Bxb7 Rxd1+ 30. Nxd1 Bd4 31. Ne3 Re7 32. Bd5 Bc5 33. Nf5 Rd7 34. Be5 g6 35. Nd4 a5 36. Nb3 Bb4 37. Bc6 Rd3 38. Ba4 f6 39. Bxf6 Kf7 40. Bb2 Bd6 41. Nd4 Rd2 42. Bc3 Rd3 43. Ne2 Bb4 44. Bd4 Rd2 45. Kf1 Ra2 46. Bc6 Rd2 47. f3 e3 48. Bxe3 Rd1+ 0-1